000 00448nam a2200145 a 4500
001 000027414
005 20200930030821.0
008 110331s1979 dr 000 0 spa d
040 _aDO-SdBNP
_bspa
_cBNPHU
100 1 _aAlvarez, Cipriano
_935107
245 1 0 _aBoyoyo :
_bhuellas de un líder campesino /
_cCipriano Alvarez.
260 _aSanto Domingo :
_bEditorial Servicios Gráficos Diversos,
_c1979.
300 _a72 P. ;
_c22 cm.
049 _aBNPD
999 _c26906
_d26906